000 00665nas a2200217 4500
001 BR0801208
003 BR-BrBNA
005 20231205111659.0
007 ta
008 230509b bl.|||p| |||| 00| 00por d
040 _aBR-BrBNA
_bpor
_cBiblioteca Nacional de Agricultura
041 _a(En)
072 _aL60
100 1 _aYoung, P.S.
245 1 _aThe Rhizocephala (Crustacea : Cirripedia)from the brazilizan coast
650 _aCRUSTÁCEO
650 _aTAXONOMIA ANIMAL
773 0 _tRevista Brasileira de Biologia (Brazil)
_xISSN 0034-7108
_g(May 1993), v. 53(2) p. 247-253
_wBR0801208
909 _a202311
_bLúcia
_c55
_dLúcia Elande
942 _2AGRIS
_n0
_cANA
999 _c193925
_d193925